[Event "Urals-ch"]
[Site "Cheliabinsk"]
[Date "2022.03.24"]
[Round "9"]
[White "Rozhkov, Viacheslav"]
[Black "Ril, Evgeny"]
[Result "0-1"]
[WhiteElo "2233"]
[BlackElo "1859"]
[PlyCount "72"]
[EventDate "2022.03.16"]
[EventType "swiss"]
[EventRounds "9"]
[EventCountry "RUS"]
[SourceTitle "CBM 207 Extra"]
[Source "ChessBase"]
[SourceDate "2022.05.31"]
[SourceVersion "1"]
[SourceVersionDate "2022.05.31"]
[SourceQuality "1"]

1. e4 e5 2. Nf3 Nc6 3. d4 exd4 4. Nxd4 Nf6 5. Nc3 Bb4 6. Nxc6 bxc6 7. Bd3 d5 8. exd5 cxd5 9. 0-0 0-0 10. h3 h6 11. Qf3 c6 12. Bf4 Be6 13. Rad1 Bd6 14. Ne2 Bxf4 15. Nxf4 Qc7 16. Qg3 Qc8 17. Rfe1 Re8 18. Re5 Bd7 19. Rxe8+ Qxe8 20. c4 d4 21. b4 a5 22. a3 axb4 23. axb4 Ra4 24. Rb1 Ne4 25. Bxe4 Qxe4 26. Rd1 Rxb4 27. Nd3 Rxc4 28. Re1 Qf5 29. Qb8+ Kh7 30. Ne5 Rc2 31. Rf1 c5 32. g4 Qe6 33. Qb1 Ba4 34. Nd3 Qb3 35. Qd1 Rc3 36. Qf3 Rxd3 0-1

[Event "Sochi Lobanov Memorial"]
[Site "Sochi"]
[Date "2021.06.15"]
[Round "1"]
[White "Khruschiov, Alexey"]
[Black "Ril, Evgeny"]
[Result "1-0"]
[WhiteElo "2382"]
[BlackElo "1735"]
[PlyCount "125"]
[EventDate "2021.06.15"]
[EventType "swiss"]
[EventRounds "9"]
[EventCountry "RUS"]
[SourceTitle "CBM 203 Extra"]
[Source "ChessBase"]
[SourceDate "2021.09.30"]
[SourceVersion "1"]
[SourceVersionDate "2021.09.30"]
[SourceQuality "1"]

1. e4 e5 2. Nf3 Nc6 3. Bb5 a6 4. Bxc6 dxc6 5. 0-0 Bd6 6. d4 exd4 7. Qxd4 f6 8. Be3 Ne7 9. Nbd2 Be6 10. Qc3 0-0 11. Nc4 Ng6 12. Nd4 Bf7 13. Rad1 Qe8 14. Nxd6 cxd6 15. Nf5 Qxe4 16. Nxd6 Qe5 17. Qxe5 Nxe5 18. b3 b5 19. f4 Ng4 20. Bc5 Rfd8 21. Rfe1 Nh6 22. Bb6 Rd7 23. Nxf7 Rxf7 24. Re6 c5 25. Bxc5 Rc7 26. Rd5 Kf7 27. Red6 Re8 28. Rd7+ Rxd7 29. Rxd7+ Kg6 30. Kf1 Re4 31. g3 Ng4 32. h3 Ne3+ 33. Bxe3 Rxe3 34. Rd3 Re6 35. Kf2 Rc6 36. c3 Kf5 37. Ke3 h5 38. Rd5+ Ke6 39. Kd4 g6 40. g4 hxg4 41. hxg4 f5 42. Re5+ Kf6 43. g5+ Kf7 44. c4 bxc4 45. bxc4 Rd6+ 46. Rd5 Re6 47. Kc5 Re4 48. Rd4 Re2 49. a4 Ra2 50. Kb4 Ke7 51. c5 Rc2 52. Rc4 Rb2+ 53. Kc3 Rb1 54. c6 Kd8 55. c7+ Kc8 56. Kd4 a5 57. Ke5 Rb6 58. Rc5 Ra6 59. Rc3 Rb6 60. Rc4 Ra6 61. Rc5 Ra7 62. Rc6 Rb7 63. Rxg6 1-0

[Event "Urals-ch"]
[Site "Khanty-Mansiysk"]
[Date "2021.03.12"]
[Round "2"]
[White "Pingin, Artem"]
[Black "Ril, Evgeny"]
[Result "1-0"]
[WhiteElo "2378"]
[BlackElo "1694"]
[PlyCount "95"]
[EventDate "2021.03.11"]
[EventType "swiss"]
[EventRounds "9"]
[EventCountry "RUS"]
[SourceTitle "CBM 201 Extra"]
[Source "ChessBase"]
[SourceDate "2021.05.31"]
[SourceVersion "1"]
[SourceVersionDate "2021.05.31"]
[SourceQuality "1"]

1. e4 e5 2. Nf3 Nc6 3. Bb5 a6 4. Ba4 Nf6 5. 0-0 b5 6. Bb3 Bc5 7. c3 d6 8. d4 Bb6 9. h3 0-0 10. Be3 Bb7 11. Nbd2 h6 12. a3 Nd7 13. Qc2 Ne7 14. Rad1 Ng6 15. Rfe1 Re8 16. Ba2 c5 17. dxe5 dxe5 18. c4 Qc7 19. Nb1 Ndf8 20. cxb5 axb5 21. Nc3 b4 22. Nb5 Qc6 23. Nd6 Ne6 24. Nxe8 Qxe8 25. Bd5 Bxd5 26. exd5 Nd4 27. Nxd4 cxd4 28. Bxd4 Bxd4 29. Rxd4 bxa3 30. bxa3 Rxa3 31. Rc4 Qe7 32. Rd1 Ra6 33. Rc6 Ra8 34. d6 Qd8 35. d7 Ne7 36. Rc7 Qf8 37. Qc5 Rd8 38. Qxe5 Ng6 39. Qc3 Nf4 40. Qc4 Ne6 41. Rc8 Qe7 42. Qc6 Kf8 43. Re1 g6 44. Rxd8+ Qxd8 45. Qd6+ Kg7 46. Rxe6 fxe6 47. Qxe6 Qg5 48. g3 1-0

[Event "Salekhard-ch"]
[Site "Salekhard"]
[Date "2015.01.31"]
[Round "6"]
[White "Bykov, Konstantin"]
[Black "Ril, Evgeny"]
[Result "1-0"]
[WhiteElo "1510"]
[BlackElo "1594"]
[PlyCount "43"]
[EventDate "2015.01.23"]
[EventType "swiss"]
[EventRounds "9"]
[EventCountry "RUS"]
[SourceTitle "CBM 164 Extra"]
[Source "ChessBase"]
[SourceDate "2015.03.02"]
[SourceVersion "1"]
[SourceVersionDate "2015.03.02"]
[SourceQuality "1"]

1. e4 e5 2. f4 d6 3. Nf3 Nc6 4. Bb5 Bd7 5. Nc3 Nge7 6. b3 g6 7. Bb2 a6 8. Bxc6 Nxc6 9. d3 Bh6 10. Ne2 Bg7 11. Qd2 a5 12. d4 exd4 13. Nexd4 0-0 14. 0-0 Ne7 15. Bc3 b6 16. Rae1 f5 17. Ng5 Qc8 18. exf5 Nxf5 19. Nxf5 Bxf5 20. Bxg7 Kxg7 21. Re7+ Kh8 22. Qd4+ 1-0